[Event "Superettan(Horndal-Solna)"]
[Site "?"]
[Date "2010.03.13"]
[Round "8"]
[White "Eriksson, Magnus"]
[Black "Landgren, Andreas"]
[Result "0-1"]
[WhiteElo "2122"]
[BlackElo "2220"]
[PlyCount "76"]

1. d4 Nf6 2. c4 g6 3. Nc3 d5 4. Nf3 Bg7 5. cxd5 Nxd5 6. Bg5 c5 7. Rc1 Nxc3 8.
bxc3 Nc6 9. e3 h6 10. Bh4 O-O 11. Bd3 Be6 12. Qd2 Rc8 13. O-O Qd7 14. h3 Rfd8
15. Rfd1 a6 16. Qb2 Na5 17. Bg3 Bc4 18. Be5 Bxd3 19. Bxg7 Nc4 20. Qb3 Be2 21.
Re1 Bxf3 22. gxf3 Nd2 23. Qd1 Qxh3 24. Qxd2 Kxg7 25. e4 cxd4 26. cxd4 Qxf3 27.
Rb1 Qg4+ 28. Kh2 Qh5+ 29. Kg3 b5 30. f4 Qc5 31. Rec1 Qa3+ 32. Kg2 Rxc1 33. Rxc1
Qa4 34. Rd1 Rc8 35. Kf3 Rc2 36. Qe3 Rh2 37. Rg1 Rh3+ 38. Rg3 Qd1+ 0-1

[Event "Superettan(Horndal-Solna)"]
[Site "?"]
[Date "2010.03.13"]
[Round "8"]
[White "Knezevic, Zavisa"]
[Black "Wiker, Bo"]
[Result "1-0"]
[WhiteElo "2196"]
[BlackElo "2047"]
[PlyCount "41"]

1. e4 d6 2. d4 Nf6 3. Nc3 g6 4. Be3 Bg7 5. f3 c6 6. Qd2 O-O 7. Bh6 e5 8. Bxg7
Kxg7 9. O-O-O Qe7 10. g4 b5 11. Nge2 b4 12. Nb1 a5 13. Ng3 Na6 14. h4 Nc7 15.
dxe5 dxe5 16. Bc4 Qc5 17. b3 Nb5 18. h5 Be6 19. hxg6 Bxc4 20. Qh6+ Kg8 21.
gxh7+ 1-0

[Event "Superettan(Horndal-Solna)"]
[Site "?"]
[Date "2010.03.13"]
[Round "8"]
[White "Kallstrom, Magnus"]
[Black "Steneskog, Per"]
[Result "0-1"]
[WhiteElo "1823"]
[BlackElo "2219"]
[PlyCount "60"]
[EventDate "2010.??.??"]

1. e4 e6 2. d4 d5 3. Nd2 c5 4. Ngf3 cxd4 5. exd5 Qxd5 6. Bc4 Qd6 7. O-O Nf6 8.
Nb3 Nc6 9. Nbxd4 Nxd4 10. Qxd4 Bd7 11. Bg5 Qxd4 12. Nxd4 Rc8 13. Bb3 Ne4 14.
Be3 Bc5 15. Rfe1 O-O 16. Rad1 Rfd8 17. c3 h6 18. Bc2 Nf6 19. Nf3 Bxe3 20. Rxe3
Bc6 21. Ne5 Be4 22. Rxd8+ Rxd8 23. Bb3 Kf8 24. f3 Bh7 25. Re1 Ke7 26. Rd1 Rxd1+
27. Bxd1 Nd5 28. Kf2 f6 29. Nc4 b6 30. g3 g5 0-1

[Event "Superettan(Orebro-En Passant)"]
[Site "?"]
[Date "2010.03.13"]
[Round "8"]
[White "Unmack, Christian"]
[Black "Gruvaeus, Curt"]
[Result "1-0"]
[WhiteElo "2212"]
[BlackElo "2352"]
[PlyCount "71"]
[SourceDate "2010.03.19"]

1. d4 f5 2. g3 g6 3. Bg2 Nf6 4. Nd2 c5 5. d5 Bg7 6. Nh3 e5 7. d6 O-O 8. c3 Qe8
9. O-O Nc6 10. b4 cxb4 11. cxb4 h6 12. b5 Nd4 13. e3 Ne6 14. Bb2 e4 15. f3 Nc5
16. fxe4 Ncxe4 17. Nxe4 fxe4 18. Rc1 Qe6 19. Nf4 Qf5 20. Bxf6 Bxf6 21. Qd5+ Kg7
22. Bxe4 Qxd5 23. Nxd5 Rb8 24. b6 axb6 25. Nxb6 Re8 26. Bd5 Bg5 27. Rf4 Bxf4
28. exf4 g5 29. Kf2 Kf6 30. Kf3 Kf5 31. Rc2 g4+ 32. Kf2 Kf6 33. Re2 Rh8 34. Re7
h5 35. Be4 h4 36. Nd5# 1-0

[Event "Superettan(Orebro-En Passant)"]
[Site "?"]
[Date "2010.03.13"]
[Round "8"]
[White "Drugge, Patrick"]
[Black "Carlsson, Christofer"]
[Result "1-0"]
[WhiteElo "2331"]
[BlackElo "2145"]
[PlyCount "79"]

1. e4 e6 2. d4 d5 3. exd5 exd5 4. Nf3 Nf6 5. Bd3 Be7 6. h3 O-O 7. Bf4 Ne4 8. c4
c6 9. Nc3 Nxc3 10. bxc3 Be6 11. Qb1 h6 12. Qxb7 dxc4 13. Qxa8 Qa5 14. Rc1 cxd3
15. O-O Nd7 16. Qxc6 Nf6 17. c4 Ba3 18. Bd2 Qh5 19. Rc3 Bb4 20. Rxd3 Rc8 21.
Qb5 Bf5 22. Re3 Bd6 23. Ne5 Qh4 24. Rf3 Qxd4 25. Bc3 Qe4 26. Re1 Qc2 27. Nxf7
Bd7 28. Qa5 Bc7 29. Qa6 Bb6 30. Bxf6 gxf6 31. Nxh6+ Kh8 32. Ng4 f5 33. Nf6 Qd2
34. Re7 Qd1+ 35. Kh2 Qd6+ 36. Rg3 Qxf6 37. Rxd7 Rb8 38. Rb7 Rd8 39. Rxa7 Qd4
40. Ra8 1-0

[Event "Superettan(Orebro-En Passant)"]
[Site "?"]
[Date "2010.03.13"]
[Round "8"]
[White "Lind, Jan-Olov"]
[Black "Johansson, Roland"]
[Result "1/2-1/2"]
[WhiteElo "2243"]
[BlackElo "1956"]
[PlyCount "83"]

1. e4 c5 2. Nf3 Nc6 3. d3 g6 4. g3 Bg7 5. Bg2 Nf6 6. O-O O-O 7. c3 d5 8. Nbd2
Bg4 9. h3 dxe4 10. dxe4 Bxf3 11. Bxf3 Qd7 12. Bg2 Rad8 13. Qe2 Qd3 14. Qxd3
Rxd3 15. Nc4 e5 16. Be3 b6 17. Rfd1 Rfd8 18. Rxd3 Rxd3 19. a4 Bf8 20. Kf1 Nh5
21. Ke2 Rd8 22. Bg5 f6 23. Be3 Kf7 24. Ra3 Ng7 25. Rb3 Rb8 26. h4 Ne6 27. Bh3
Be7 28. Ra3 a6 29. Ra1 b5 30. axb5 axb5 31. Nd2 Rb7 32. Bxe6+ Kxe6 33. Ra6 Kd7
34. Nb3 c4 35. Nd2 Nd8 36. Kd1 Ne6 37. Kc2 Bd6 38. Ra8 Nc5 39. Rh8 Ke6 40. Rc8
Nd7 41. Ra8 Bc5 42. Bxc5 1/2-1/2

[Event "Superettan(Orebro-En Passant)"]
[Site "?"]
[Date "2010.03.13"]
[Round "8"]
[White "Mansson, Peter"]
[Black "Nygren, Kim"]
[Result "0-1"]
[WhiteElo "2068"]
[BlackElo "2337"]
[PlyCount "56"]

1. e4 d5 2. exd5 Nf6 3. Bb5+ Bd7 4. Qe2 Nxd5 5. Nc3 Nb4 6. Bxd7+ Qxd7 7. d3
N8c6 8. Nf3 O-O-O 9. a3 Nd5 10. Nxd5 Qxd5 11. O-O e5 12. Re1 f6 13. Qe4 Qxe4
14. Rxe4 Bd6 15. b4 Rhe8 16. Bb2 a5 17. b5 Nb8 18. Rae1 Nd7 19. d4 f5 20. R4e2
e4 21. d5 Nb6 22. Nd4 Be5 23. f3 Nc4 24. Ba1 Rxd5 25. Nxf5 Bxa1 26. Rxe4 Rxe4
27. fxe4 Bd4+ 28. Kh1 Rd7 0-1

[Event "Superettan(Orebro-En Passant)"]
[Site "?"]
[Date "2010.03.13"]
[Round "8"]
[White "Zetterberg, Staffan"]
[Black "Karlsson, Anders"]
[Result "1-0"]
[WhiteElo "2326"]
[BlackElo "1898"]
[PlyCount "57"]

1. Nf3 c5 2. c4 Nc6 3. g3 g6 4. Bg2 Bg7 5. Nc3 Nf6 6. d4 cxd4 7. Nxd4 O-O 8.
Nc2 b6 9. O-O Bb7 10. b3 Rc8 11. e4 Nxe4 12. Nxe4 Bxa1 13. Nxa1 f5 14. Nc3 e6
15. Ba3 Rf7 16. Nb5 Na5 17. Nd6 Bxg2 18. Nxf7 Kxf7 19. Kxg2 Nc6 20. Nc2 Qc7 21.
Nd4 Ne5 22. Nb5 Qc6+ 23. f3 Ra8 24. Qd4 Ng4 25. Nd6+ Kg8 26. Re1 a5 27. Bb2 e5
28. Rxe5 Nxe5 29. Qxe5 1-0

[Event "Superettan(Orebro-En Passant)"]
[Site "?"]
[Date "2010.03.13"]
[Round "8"]
[White "Klasen, Gunnar"]
[Black "Jonsson, Krister"]
[Result "1-0"]
[WhiteElo "1850"]
[BlackElo "2024"]
[PlyCount "81"]

1. e4 c5 2. c3 e6 3. d4 d5 4. e5 Nc6 5. Nf3 Qb6 6. Bd3 Bd7 7. O-O cxd4 8. cxd4
Nxd4 9. Ng5 Be7 10. Nxh7 g6 11. Ng5 Nh6 12. h3 Nhf5 13. Nf3 Nxf3+ 14. Qxf3 Bc6
15. a4 a6 16. a5 Qd4 17. Qe2 Ng3 18. Qe3 Qxe3 19. Bxe3 Nxf1 20. Kxf1 d4 21. Bd2
g5 22. f3 O-O-O 23. Na3 Kb8 24. b4 Rd5 25. Re1 Rc8 26. Kf2 Bb5 27. Nxb5 axb5
28. g3 Ka7 29. Re2 Ka6 30. f4 gxf4 31. gxf4 Rc4 32. f5 exf5 33. e6 f6 34. Kf3
Rc3 35. Bxc3 dxc3 36. Bc2 Rd4 37. Re3 Rxb4 38. Rxc3 Rc4 39. Rxc4 bxc4 40. h4
Kxa5 41. h5 1-0

[Event "Superettan(Orebro-En Passant)"]
[Site "?"]
[Date "2010.03.13"]
[Round "8"]
[White "Larsson, Patrik"]
[Black "Johansson, Sven"]
[Result "1-0"]
[WhiteElo "2040"]
[BlackElo "1556"]
[PlyCount "51"]

1. d4 e6 2. e4 d5 3. Nc3 Bb4 4. e5 c5 5. Bd2 cxd4 6. Nb5 Bc5 7. Qg4 Ne7 8. b4
Bb6 9. Qxg7 Kd7 10. Nf3 a6 11. Nbxd4 Bxd4 12. Nxd4 Qe8 13. b5 Kd8 14. Qg3 axb5
15. Bxb5 Bd7 16. Bxd7 Qxd7 17. O-O Ng6 18. Bg5+ Ke8 19. Bf6 Rg8 20. Rfb1 Ra5
21. Rb2 Na6 22. Rab1 Nc5 23. Qc3 Qa4 24. Rxb7 Qxa2 25. Rb8+ Kd7 26. R1b7+ 1-0

[Event "Superettan(SodraSASS-Manhem II)"]
[Site "?"]
[Date "2010.03.13"]
[Round "8"]
[White "Andersson, Goran"]
[Black "Furhoff, Johan"]
[Result "0-1"]
[WhiteElo "2186"]
[BlackElo "2410"]
[PlyCount "56"]
[SourceDate "2010.03.20"]

1. e4 Nc6 2. Nf3 e6 3. d4 d5 4. e5 f6 5. Bb5 Nge7 6. exf6 gxf6 7. O-O Bg7 8.
Re1 O-O 9. Nc3 Qd6 10. Bxc6 bxc6 11. Qe2 Ng6 12. h4 Nf4 13. Qe3 e5 14. Kh1 Bg4
15. dxe5 fxe5 16. Nxe5 Rae8 17. Qg3 Rxe5 18. Rxe5 Qxe5 19. Qxg4 Qe1+ 20. Kh2
Qxf2 21. Nd1 Qe2 22. Qxe2 Nxe2 23. Bd2 Be5+ 24. g3 Bxg3+ 25. Kg2 Bxh4 26. Bb4
Nf4+ 27. Kg1 Re8 28. Nc3 d4 0-1

[Event "Superettan(SodraSASS-Manhem II)"]
[Site "?"]
[Date "2010.03.13"]
[Round "8"]
[White "Winge, Stefan"]
[Black "Lundstrom, Mattias"]
[Result "1-0"]
[WhiteElo "2317"]
[BlackElo "2134"]
[PlyCount "51"]

1. e4 c5 2. Nf3 d6 3. d4 cxd4 4. Nxd4 Nf6 5. Nc3 a6 6. f3 e6 7. Be3 b5 8. Qd2
Bb7 9. g4 Be7 10. O-O-O Nfd7 11. g5 b4 12. Na4 d5 13. Kb1 O-O 14. h4 Qa5 15. b3
dxe4 16. h5 Ne5 17. f4 Ng4 18. Bh3 Nxe3 19. Qxe3 Bc5 20. g6 f5 21. Nxc5 Qxc5
22. Nxf5 Qxe3 23. Nxe3 Nc6 24. Bxe6+ Kh8 25. h6 hxg6 26. Rd7 1-0

[Event "Superettan(SodraSASS-Manhem II)"]
[Site "?"]
[Date "2010.03.13"]
[Round "8"]
[White "Larsson, Dan"]
[Black "Sjoberg, Mats"]
[Result "1-0"]
[WhiteElo "2106"]
[BlackElo "2356"]
[PlyCount "123"]

1. e4 c5 2. Nf3 e6 3. d4 cxd4 4. Nxd4 a6 5. Bd3 Ne7 6. O-O Nbc6 7. Nxc6 Nxc6 8.
c4 Bc5 9. Nc3 d6 10. b3 O-O 11. Bb2 Qh4 12. Na4 Bd4 13. Qd2 Bd7 14. Bxd4 Nxd4
15. Nb6 Rad8 16. Nxd7 Rxd7 17. Rac1 Rc8 18. b4 a5 19. Qb2 Qf6 20. Kh1 axb4 21.
Qxb4 Qf4 22. f3 Rc5 23. Qe1 Rh5 24. h3 Rc7 25. Qf2 Qf6 26. Rb1 Rhc5 27. Rb6 e5
28. Rfb1 Qe7 29. Qb2 h5 30. Rxb7 Rxb7 31. Qxb7 Qxb7 32. Rxb7 Ra5 33. Rb2 Ra3
34. Rd2 Kf8 35. Kg1 Ke7 36. Kf2 h4 37. g3 hxg3+ 38. Kxg3 Ne6 39. Be2 Nc5 40.
Kf2 g5 41. Bd1 Kd7 42. Be2 Kc6 43. Rb2 Na4 44. Rd2 Nc5 45. Bd1 Rc3 46. Be2 Ne6
47. Kg3 Rc1 48. a4 Nf4 49. Bd1 f6 50. Kg4 Rxc4 51. Rc2 Kc5 52. Kf5 Nxh3 53.
Kxf6 Nf4 54. Kxg5 Rxc2 55. Bxc2 Ng2 56. Kf6 Ne3 57. Bd3 d5 58. Kxe5 Nc4+ 59.
Kf6 Nb2 60. Bc2 d4 61. e5 d3 62. Bxd3 1-0

[Event "Superettan(SodraSASS-Manhem II)"]
[Site "?"]
[Date "2010.03.13"]
[Round "8"]
[White "Adler, Bo"]
[Black "Bergre, Joachim"]
[Result "1-0"]
[WhiteElo "2246"]
[BlackElo "2105"]
[PlyCount "61"]

1. d4 g6 2. e4 Bg7 3. Nf3 d6 4. Nc3 a6 5. Bc4 b5 6. Bb3 e6 7. Bg5 Ne7 8. a4 b4
9. Ne2 Bb7 10. Ng3 a5 11. O-O O-O 12. Qd2 Nd7 13. Qf4 h5 14. Rad1 Qe8 15. Qh4
Nc8 16. Rfe1 f6 17. Qh3 Kh7 18. Bxe6 Ndb6 19. Bc1 Ne7 20. b3 Nc6 21. d5 Nd8 22.
Nd4 Bc8 23. f4 Nxe6 24. Nxe6 Rh8 25. f5 Bxe6 26. dxe6 Kg8 27. fxg6 Qxg6 28. Nf5
Qg4 29. Qd3 Re8 30. e5 fxe5 31. h3 1-0

[Event "Superettan(SodraSASS-Manhem II)"]
[Site "?"]
[Date "2010.03.13"]
[Round "8"]
[White "von Bromssen, Goran"]
[Black "Johansson, Per"]
[Result "1-0"]
[WhiteElo "2061"]
[BlackElo "2060"]
[PlyCount "125"]

1. d4 d5 2. c4 c6 3. Nf3 Nf6 4. g3 Bf5 5. Bg2 e6 6. Qb3 Qb6 7. Nbd2 Nbd7 8. O-O
Qxb3 9. axb3 Bd6 10. Re1 Ne4 11. Nh4 Bb4 12. Rd1 Nxd2 13. Bxd2 Bxd2 14. Nxf5
exf5 15. Rxd2 Nf6 16. cxd5 Nxd5 17. Bxd5 cxd5 18. Ra5 O-O-O 19. Rxa7 Kb8 20.
Ra5 b6 21. Ra1 Rc8 22. Kg2 Rc6 23. Kf3 Re8 24. Rad1 g5 25. e3 Rec8 26. Ke2 Rh6
27. Rh1 Rhc6 28. Kd3 Kb7 29. f3 Rc1 30. Rxc1 Rxc1 31. e4 f4 32. gxf4 gxf4 33.
exd5 f5 34. Rg2 Rc7 35. Rg8 Rd7 36. Rf8 Rxd5 37. Rf7+ Kc6 38. Rxh7 Kb5 39. Kc3
Rd6 40. h4 Rc6+ 41. Kd3 Re6 42. Rf7 Re3+ 43. Kc2 Rxf3 44. Rxf5+ Kc6 45. b4 Rf1
46. b5+ Kd6 47. Kd3 Ke6 48. Re5+ Kd6 49. h5 Rb1 50. Ke4 Rxb2 51. Kxf4 Rd2 52.
Ke3 Rh2 53. Rg5 Rh3+ 54. Ke4 Rh4+ 55. Kd3 Rh1 56. Ke4 Rh4+ 57. Kf5 Rxd4 58. h6
Ke7 59. h7 Rh4 60. Kg6 Kf8 61. Rf5+ Ke8 62. Rh5 Rg4+ 63. Kf5 1-0

[Event "Superettan(SodraSASS-Manhem II)"]
[Site "?"]
[Date "2010.03.13"]
[Round "8"]
[White "Nordenstrom, Sven"]
[Black "Outgajjouft, Said"]
[Result "1/2-1/2"]
[WhiteElo "1961"]
[BlackElo "2100"]
[PlyCount "27"]

1. Nf3 Nf6 2. d4 g6 3. Nc3 Bg7 4. e4 d6 5. Be2 O-O 6. O-O Nbd7 7. h3 e5 8. Be3
h6 9. d5 Kh7 10. Nh2 Ng8 11. g4 Ne7 12. f3 f5 13. Qd2 Nf6 14. Bd3 1/2-1/2

[Event "Superettan(SodraSASS-Manhem II)"]
[Site "?"]
[Date "2010.03.13"]
[Round "8"]
[White "Pettersson, Anders"]
[Black "Broden, Per"]
[Result "1/2-1/2"]
[WhiteElo "2082"]
[BlackElo "1949"]
[PlyCount "100"]

1. d4 d5 2. c4 dxc4 3. e4 e5 4. d5 Nf6 5. Nd2 Bc5 6. Bxc4 c6 7. dxc6 Nxc6 8.
Ngf3 O-O 9. O-O Qe7 10. a3 a6 11. b4 Bb6 12. Qb3 Bg4 13. Bb2 Rad8 14. Qc2 Rd7
15. h3 Bh5 16. Bxa6 Rc7 17. Bc4 Rfc8 18. Qb3 Bxf3 19. Nxf3 Nd4 20. Bxd4 Bxd4
21. Nxd4 exd4 22. Bd5 Rc3 23. Qa2 Rc2 24. Qb3 R2c3 25. Qa4 Nxd5 26. exd5 g6 27.
Rfe1 Qf6 28. Re8+ Rxe8 29. Qxe8+ Kg7 30. Qe4 d3 31. Rd1 Qf5 32. Qd4+ Qf6 33.
Rxd3 Qxd4 34. Rxd4 Rxa3 35. f3 Kf6 36. d6 Ra8 37. Kf2 Ke5 38. Ke3 Ra3+ 39. Rd3
Rxd3+ 40. Kxd3 Kxd6 41. Kd4 f6 42. f4 b6 43. g4 g5 44. Ke4 Ke6 45. b5 h6 46.
f5+ Kd6 47. Kd4 Ke7 48. Kc4 Kd8 49. Kd5 Kd7 50. Ke4 Ke7 1/2-1/2

[Event "Superettan(SodraSASS-Manhem II)"]
[Site "?"]
[Date "2010.03.13"]
[Round "8"]
[White "Hjerten, Teo"]
[Black "Eriksson, Mats"]
[Result "0-1"]
[WhiteElo "1819"]
[BlackElo "2043"]
[PlyCount "79"]

1. d4 d5 2. Nf3 Nf6 3. c4 c6 4. e3 Bf5 5. Qb3 Qb6 6. Nc3 e6 7. Be2 Nbd7 8. Bd2
h6 9. Na4 Qc7 10. cxd5 exd5 11. Bb4 Ne4 12. Bxf8 Nxf8 13. Rc1 Ne6 14. Qb4 Nd6
15. Nc5 O-O 16. O-O Rae8 17. a4 Nf4 18. Bd1 Nd3 19. Nxd3 Bxd3 20. Re1 Re6 21.
Bc2 Be4 22. Bxe4 Nxe4 23. Qa3 Nd6 24. Qd3 a6 25. b3 Rfe8 26. Rc2 Qa5 27. Rec1
Ne4 28. g3 Qb4 29. Nd2 f5 30. Nf3 g6 31. Kg2 Nxf2 32. Rxf2 Rxe3 33. Qc2 Rxb3
34. Re2 Rbe3 35. Rxe3 Rxe3 36. Rb1 Qa3 37. Qd2 Rxf3 38. Re1 Qb3 39. Qe2 Rd3 40.
Qe6+ 0-1

[Event "Superettan(Mark-Rodeby)"]
[Site "?"]
[Date "2010.03.13"]
[Round "8"]
[White "Wahlbom, Magnus"]
[Black "Mohammadi, Amir"]
[Result "1/2-1/2"]
[WhiteElo "2258"]
[BlackElo "2331"]
[PlyCount "150"]

1. e4 c5 2. Nf3 e6 3. d4 cxd4 4. Nxd4 Nf6 5. Nc3 d6 6. Be2 Be7 7. O-O a6 8. Be3
O-O 9. f4 Qc7 10. Kh1 b5 11. a3 Bb7 12. Bf3 Nbd7 13. Qe1 Rac8 14. Rd1 Nb6 15.
Bc1 Nc4 16. Qg3 Rfd8 17. Rd3 d5 18. exd5 Nxd5 19. Nf5 Bf6 20. Nxd5 Bxd5 21.
Bxd5 Rxd5 22. Rxd5 exd5 23. c3 Nd6 24. Nxd6 Qxd6 25. h3 d4 26. Rd1 Qc5 27. cxd4
Bxd4 28. Qd3 Bf6 29. Be3 Qh5 30. Qd7 Rf8 31. b3 h6 32. Qg4 Qxg4 33. hxg4 Rc8
34. Rd6 Rc3 35. Bd2 Rxb3 36. Rxa6 Bh4 37. Kg1 Rd3 38. Bb4 Bg3 39. Rd6 Rb3 40.
Kf1 Bxf4 41. Rd5 Bc1 42. Rxb5 Bxa3 43. Rb8+ Kh7 44. Bd6 Rd3 45. Bxa3 Rxa3 46.
Kf2 Kg6 47. Rb5 Rc3 48. Ra5 f6 49. Rb5 Rc7 50. Kf3 Re7 51. Ra5 Re5 52. Ra7 Rb5
53. Rc7 Rb3+ 54. Kf2 Ra3 55. Rb7 Ra5 56. Kf3 h5 57. gxh5+ Rxh5 58. Ra7 Rb5 59.
Rc7 Kh6 60. Rf7 Rb4 61. g3 Kg6 62. Ra7 f5 63. Ra3 Kh5 64. Rc3 g5 65. Ra3 Rb2
66. g4+ fxg4+ 67. Kg3 Rb4 68. Rc3 Rf4 69. Rc8 Rf3+ 70. Kg2 Rd3 71. Rh8+ Kg6 72.
Rg8+ Kf5 73. Rf8+ Ke4 74. Re8+ Kf4 75. Rf8+ Ke4 1/2-1/2

[Event "Superettan(Mark-Rodeby)"]
[Site "?"]
[Date "2010.03.13"]
[Round "8"]
[White "Sixtensson, Mikael"]
[Black "Greiff, Hakan"]
[Result "1-0"]
[WhiteElo "2271"]
[BlackElo "2304"]
[PlyCount "93"]

1. Nf3 d5 2. c4 e6 3. d4 Nf6 4. e3 Be7 5. Nc3 O-O 6. b3 c5 7. Bb2 Nc6 8. Rc1
cxd4 9. exd4 Qa5 10. Bd3 dxc4 11. bxc4 e5 12. dxe5 Nxe5 13. Nxe5 Qxe5+ 14. Qe2
Qxe2+ 15. Bxe2 Bd7 16. Bf3 Rac8 17. O-O Bc6 18. Nd5 Nxd5 19. cxd5 Bb5 20. Rfd1
Bd6 21. g3 Bd7 22. h4 Rfe8 23. Kg2 Rxc1 24. Rxc1 Rc8 25. Rxc8+ Bxc8 26. Bd4 b6
27. Kf1 Kf8 28. Be2 f6 29. Bd3 h6 30. Ke2 Ke7 31. f4 Bg4+ 32. Ke3 Bb4 33. Bc4
Kd6 34. Ke4 Bd7 35. Bb3 Bc5 36. Bb2 b5 37. f5 b4 38. g4 Bf2 39. g5 Bxh4 40.
Bxf6 Bxg5 41. Bxg7 a5 42. f6 Be8 43. Bf8+ Kc7 44. d6+ Kc8 45. Be6+ Bd7 46. Kf5
a4 47. f7 1-0

[Event "Superettan(Mark-Rodeby)"]
[Site "?"]
[Date "2010.03.13"]
[Round "8"]
[White "Ostling, Hakan"]
[Black "Svensson, Leif"]
[Result "1-0"]
[WhiteElo "2167"]
[BlackElo "2236"]
[PlyCount "48"]

1. f4 e5 2. fxe5 d6 3. exd6 Bxd6 4. Nf3 Nf6 5. d4 Ng4 6. Qd3 O-O 7. e4 f6 8.
Na3 c6 9. Nc4 Bc7 10. Be2 Qe7 11. O-O f5 12. e5 f4 13. h3 Nh6 14. Qb3 Kh8 15.
Bd2 a5 16. Nb6 Be6 17. c4 Ra6 18. Na4 b5 19. Nc5 bxc4 20. Qa3 Rd8 21. Nxa6 Qxa3
22. bxa3 Nxa6 23. Bxf4 Nf5 24. Ng5 Bd5 1-0

[Event "Superettan(Mark-Rodeby)"]
[Site "?"]
[Date "2010.03.13"]
[Round "8"]
[White "Svensson, Sven"]
[Black "Laksman, Efraim"]
[Result "1/2-1/2"]
[WhiteElo "2296"]
[BlackElo "2242"]
[PlyCount "62"]

1. d4 Nf6 2. c4 g6 3. Nc3 Bg7 4. Bg5 h6 5. Bh4 d6 6. Nf3 O-O 7. e3 Nc6 8. Be2
Bf5 9. O-O g5 10. Bg3 Nh5 11. Nxg5 Nxg3 12. fxg3 Bg6 13. Nf3 e6 14. Nh4 Qg5 15.
Qc1 Bh7 16. Bf3 Na5 17. Be2 d5 18. Nf3 Qd8 19. b3 dxc4 20. bxc4 c5 21. Rd1 Nc6
22. Bd3 Bxd3 23. Rxd3 cxd4 24. exd4 Nxd4 25. Nxd4 Bxd4+ 26. Kh1 Qf6 27. Rb1
Rad8 28. Rf3 Qg7 29. Ne2 b6 30. Nxd4 Rxd4 31. Qa3 Rxc4 1/2-1/2

[Event "Superettan(Mark-Rodeby)"]
[Site "?"]
[Date "2010.03.13"]
[Round "8"]
[White "Eriksson, Bengt"]
[Black "Voigt, Lennart"]
[Result "0-1"]
[WhiteElo "2066"]
[BlackElo "2140"]
[PlyCount "56"]

1. d4 d5 2. Bg5 h6 3. Bh4 c6 4. Nf3 Qb6 5. b3 Bf5 6. e3 e6 7. Bd3 Bxd3 8. Qxd3
Be7 9. Bxe7 Nxe7 10. Ne5 c5 11. O-O cxd4 12. exd4 Nbc6 13. c3 Nxe5 14. dxe5 O-O
15. Kh1 Rac8 16. Kg1 a6 17. Re1 Qa5 18. a4 Rfd8 19. Ra2 Nc6 20. b4 Qb6 21. b5
Nb8 22. Nd2 Nd7 23. c4 dxc4 24. Nxc4 Qc5 25. Ne3 Nxe5 26. Qe4 Nd3 27. Rc2 Qb4
28. Rxc8 Qxe1+ 0-1

[Event "Superettan(Mark-Rodeby)"]
[Site "?"]
[Date "2010.03.13"]
[Round "8"]
[White "Oscarsson, Bo-Lennart"]
[Black "Bernhardsson, Sten"]
[Result "0-1"]
[WhiteElo "2177"]
[BlackElo "2049"]
[PlyCount "82"]

1. e4 c5 2. Nc3 e6 3. g3 d5 4. exd5 exd5 5. Bg2 Nf6 6. Nge2 d4 7. Ne4 Nxe4 8.
Bxe4 Bd6 9. O-O Nc6 10. d3 Bg4 11. Re1 O-O 12. f3 Bh5 13. Bf4 Ne5 14. g4 Bg6
15. Ng3 Qc7 16. Kg2 Nxd3 17. cxd3 Bxf4 18. Qa4 Bxe4 19. Rxe4 b5 20. Qa6 Rfe8
21. Rae1 Be3 22. Qxb5 Rxe4 23. Nxe4 Rb8 24. Qa4 Rxb2+ 25. Kf1 h6 26. Qe8+ Kh7
27. Ng3 Rf2+ 28. Kg1 Rxf3+ 29. Kg2 Rf2+ 30. Kh3 Qf4 31. Rb1 Qf3 32. Qe4+ Qxe4
33. Nxe4 Rxa2 34. Kg3 Rc2 35. Ra1 c4 36. dxc4 d3 37. Kf3 d2 38. Nxd2 Bxd2 39.
Rxa7 f6 40. Rc7 Ba5 41. Rc5 Bb4 0-1

[Event "Superettan(Mark-Rodeby)"]
[Site "?"]
[Date "2010.03.13"]
[Round "8"]
[White "Karlsson, Robert"]
[Black "Olofsson, Hans-Erik"]
[Result "1/2-1/2"]
[WhiteElo "2010"]
[BlackElo "2151"]
[PlyCount "87"]

1. e4 c5 2. Nf3 e6 3. d4 cxd4 4. Nxd4 Nc6 5. Nb5 d6 6. c4 a6 7. N5a3 Nf6 8. Nc3
Be7 9. Be2 O-O 10. O-O Qc7 11. Be3 b6 12. Rc1 Bb7 13. Qb3 Nd7 14. f4 Nc5 15.
Qc2 Bf6 16. Bf3 Nb4 17. Qb1 Rac8 18. Rfd1 Rfd8 19. Rd2 Rd7 20. h3 Rcd8 21. Kh1
Qb8 22. Rcd1 Qa8 23. Bd4 e5 24. Bxc5 bxc5 25. Bg4 Re7 26. Rxd6 Rxd6 27. Rxd6
exf4 28. Qd1 Re8 29. Bf3 Be5 30. Rd2 Bd4 31. Nd5 Bxd5 32. cxd5 Nxa2 33. Rxd4
cxd4 34. Qxd4 Qc8 35. Nc4 Rd8 36. e5 Nb4 37. Nd6 Qc1+ 38. Kh2 Qe1 39. Qxf4 Rf8
40. Nf5 Nd3 41. Qg5 Qxe5+ 42. Kh1 Qe1+ 43. Kh2 Qe5+ 44. Kh1 1/2-1/2

[Event "Superettan(Mark-Rodeby)"]
[Site "?"]
[Date "2010.03.13"]
[Round "8"]
[White "Kleimark, Anders"]
[Black "Dolgov, Mikhail"]
[Result "1-0"]
[WhiteElo "1974"]
[BlackElo "1998"]
[PlyCount "83"]

1. d4 f5 2. g3 Nf6 3. Bg2 e6 4. Nf3 d5 5. O-O Bd6 6. c4 c6 7. b3 Qe7 8. Bb2 O-O
9. Nbd2 b6 10. Ne5 Bb7 11. Re1 Ne4 12. a3 Nd7 13. f3 Nxe5 14. dxe5 Bc5+ 15. e3
Nxd2 16. Qxd2 a5 17. cxd5 exd5 18. Kh1 b5 19. Qc2 Bb6 20. Re2 c5 21. Qd3 c4 22.
Qc2 Rac8 23. bxc4 dxc4 24. Bd4 Bc5 25. Qd2 b4 26. axb4 axb4 27. Qc2 Bd5 28. Ra5
c3 29. f4 Bc4 30. Re1 b3 31. Bxc5 Rxc5 32. Qxc3 Rb8 33. Kg1 Rxa5 34. Qxa5 b2
35. Rb1 Qb4 36. Bd5+ Bxd5 37. Qxd5+ Kf8 38. e6 Rc8 39. Qxf5+ Kg8 40. Qf7+ Kh8
41. e7 Rc1+ 42. Kg2 1-0

[Event "Superettan(Rockaden,Sthlm II-Orgryte)"]
[Site "?"]
[Date "2010.03.13"]
[Round "8"]
[White "Hultin, Johan"]
[Black "Bryntze, Stefan"]
[Result "1-0"]
[WhiteElo "2351"]
[BlackElo "2251"]
[PlyCount "97"]

1. d4 e6 2. c4 f5 3. g3 Bb4+ 4. Nd2 Nf6 5. Bg2 O-O 6. Ngf3 d6 7. O-O Bxd2 8.
Bxd2 Qe7 9. Bb4 a5 10. Ba3 Nbd7 11. Rc1 Ne4 12. Nd2 Ndf6 13. Nxe4 Nxe4 14. Qc2
e5 15. Bxe4 fxe4 16. Qxe4 Bh3 17. dxe5 Bxf1 18. Rxf1 Rfe8 19. Qd5+ Qf7 20.
Qxf7+ Kxf7 21. exd6 cxd6 22. e3 Rec8 23. b3 a4 24. Bxd6 Rc6 25. Be5 b5 26. cxb5
Rc5 27. Bd4 Rxb5 28. Rc1 Rb7 29. Rc4 axb3 30. axb3 Ke6 31. b4 Kd5 32. Rc5+ Ke4
33. Kg2 Ra2 34. Re5+ Kd3 35. Bc5 Rf7 36. e4 Re2 37. Be3 h6 38. h4 Rb7 39. Kf3
Rf7+ 40. Rf5 Rxf5+ 41. exf5 Rc2 42. b5 Rc4 43. h5 Re4 44. b6 Re5 45. g4 Re4 46.
f6 gxf6 47. Bxh6 f5 48. gxf5 Rh4 49. Bf4 1-0

[Event "Superettan(Rockaden,Sthlm II-Orgryte)"]
[Site "?"]
[Date "2010.03.13"]
[Round "8"]
[White "Sandbom, Jonas"]
[Black "Ziegler, Ari"]
[Result "1/2-1/2"]
[WhiteElo "2212"]
[BlackElo "2414"]
[PlyCount "100"]

1. e4 c5 2. Nf3 d6 3. Bb5+ Nd7 4. O-O Ngf6 5. Re1 a6 6. Bf1 e6 7. c3 Be7 8. d4
O-O 9. e5 dxe5 10. dxe5 Nd5 11. c4 Nb4 12. Nc3 b6 13. a3 Nc6 14. Bf4 Bb7 15.
Ne4 Qc7 16. Nd6 Rfd8 17. Nxb7 Qxb7 18. Qe2 Nf8 19. Rad1 Rxd1 20. Rxd1 Rd8 21.
Rxd8 Bxd8 22. Qe4 Qd7 23. Qd3 Bc7 24. Qe3 Nd4 25. Nxd4 Qxd4 26. Qxd4 cxd4 27.
Bg3 g5 28. c5 bxc5 29. Bxa6 Ng6 30. Bd3 Nxe5 31. Bxe5 Bxe5 32. Kf1 h5 33. h3 h4
34. Ke2 Kf8 35. Kf3 Bc7 36. g4 hxg3 37. fxg3 Ke7 38. g4 Kd6 39. Ke4 Bb6 40. Bb5
Ba5 41. Be8 Ke7 42. Bb5 Bd2 43. b4 Kd6 44. bxc5+ Kxc5 45. a4 Ba5 46. Be8 f6 47.
Bd7 Kc4 48. Bb5+ Kc3 49. Ba6 Bb6 50. Bb5 Bd8 1/2-1/2

[Event "Superettan(Rockaden,Sthlm II-Orgryte)"]
[Site "?"]
[Date "2010.03.13"]
[Round "8"]
[White "Frisk Kockum, Anton"]
[Black "Backman, Michael"]
[Result "1-0"]
[WhiteElo "2325"]
[BlackElo "2121"]
[PlyCount "81"]

1. d4 Nf6 2. Nf3 e6 3. c4 d5 4. Nc3 Be7 5. Bg5 h6 6. Bh4 O-O 7. e3 b6 8. Rc1
Bb7 9. Bxf6 Bxf6 10. cxd5 exd5 11. Bd3 c5 12. O-O c4 13. Bb1 Re8 14. Re1 Nc6
15. h4 Bxh4 16. Nxd5 Bxf2+ 17. Kxf2 Qxd5 18. Qc2 b5 19. Qh7+ Kf8 20. e4 Qh5 21.
e5 Nb4 22. Rh1 Qg4 23. Rh4 Qe6 24. Bf5 Qb6 25. Qh8+ Ke7 26. Qxg7 Rg8 27. Qxh6
Qxh6 28. Rxh6 Bxf3 29. gxf3 Rg5 30. Be4 Rag8 31. Rh2 a5 32. a4 bxa4 33. Rxc4
Rg1 34. d5 Rd1 35. d6+ Ke6 36. Rh6+ Kxe5 37. f4+ Kxf4 38. Bf3+ Ke5 39. Bxd1
Nd3+ 40. Ke3 Rg3+ 41. Bf3 1-0